000 01123nam a22003017a 4500
001 9896
003 FISKH
005 20260312141041.0
008 260312b cb ||||| |||| 00| 0 eng d
020 _a078073309207
040 _aFISKH
_beng
_cFISKH
_dFISKH
050 _aPZ7 .M95335 .B
082 _a973.3
100 _aMurphy , Frank
245 _aBen Franklin and the magic squares /
_cby Frank Murphy : illustrated by Richard Walz
250 _aFirst Scholastic printing , October 2001
260 _aNew York :
_bScholastic ,
_c2001 .
300 _a48 pages :
_bcolor illustrations ;
_c23 cm .
505 _aO
520 _aShows how Benjamin Franklin, inventor, writer and scientist, created a puzzle called the magic square to keep from being bored while serving as clerk for the Pennsylvania Assembly. Includes step-by-step instructions for creating your own magic squares.
521 8 _a620
_bLexile
521 8 _aO
_bRaz-Plus
650 _aBiography
_vNon-fiction
650 _aMath
_vNon-fiction
700 _aWalz , Richard
_eIllustrator
942 _2ddc
_cBK
_n0
999 _c9896
_d9896